Metódy hodnotenia a výberu variantov outsourcingu IS/IT diplomová práca

Gespeichert in:
Bibliographische Detailangaben
1. Verfasser: Šupšák, Rastislav, 1988-
Körperschaft: Fakulta podnikového manažmentu EU. Katedra informačného manažmentu
Weitere Verfasser: Romanová, Anita, 1973-
Format: Buch
Sprache:Slowakisch
Veröffentlicht: Bratislava 2012
Tags: Tag hinzufügen
Keine Tags, Fügen Sie das erste Tag hinzu!

MARC

LEADER 00000nbm a2200000 4500
001 0154021
005 20161109102131.1
041 0 |a slo 
044 |a SK 
245 1 0 |a Metódy hodnotenia a výberu variantov outsourcingu IS/IT  |b diplomová práca  |c Rastislav Šupšák ; školiteľ: Anita Romanová 
264 1 |a Bratislava  |c 2012 
300 |a 87 s. 
100 1 |a Šupšák, Rastislav, 1988- 
700 1 |a Romanová, Anita, 1973- 
710 2 |a Fakulta podnikového manažmentu EU. Katedra informačného manažmentu